MLB Players to Win MVP Awards with Multiple Teams - Statistics

General Stats
  • This quiz has been taken 142 times
  • The average score is 4 of 5
Answer Stats
Years Player % Correct
2021 Phillies, 2015 Nationals Bryce Harper
100%
2007 & ‘05 Yankees, 2003 Rangers Álex Rodríguez
94%
2001-04 & 1993 Giants, 1992 & ‘90 Pirates Barry Bonds
94%
1966 Orioles, 1961 Reds Frank Robinson
67%
1938 Red Sox, 1932-33 Athletics Jimmie Foxx
58%
No matching quizzes found
Score Distribution
Percent of People with Each Score
Percentile by Number Answered
Your Score History
You have not taken this quiz